|
|
|
|
| LEADER |
00000nas a2200000 a 4500 |
| 001 |
ssj0012532 |
| 003 |
WaSeSS |
| 005 |
20200512172242.0 |
| 006 |
m d |
| 007 |
cr n |
| 008 |
820407c198u9999nyumr p s 0 a0eng |
| 010 |
|
|
|a 82642431
|
| 022 |
|
|
|l 0732-2569
|y 0732-2569
|
| 032 |
|
|
|a 559150
|b USPS
|
| 035 |
|
|
|a (WaSeSS)ssj0012532
|
| 037 |
|
|
|b Country Living, 250 W. 55th St., N.Y., NY
|
| 040 |
|
|
|a DLC
|b eng
|c DLC
|d NSD
|d DLC
|d NSD
|d AIP
|d NST
|d NSD
|d IUL
|d NSD
|d NST
|d DLC
|d OCLCQ
|d OCLCF
|d OCLCO
|d GRR
|d OCLCO
|d OCLCA
|d OCLCQ
|d IUL
|d ZAS
|d OCLCO
|d WaSeSS
|
| 042 |
|
|
|a pcc
|a nsdp
|
| 050 |
0 |
0 |
|a TX1
|b .G727
|
| 082 |
0 |
4 |
|a 640/.5
|
| 130 |
0 |
|
|a Country living (New York, N.Y.)
|
| 210 |
0 |
|
|a Ctry. living
|b (New York, N.Y.)
|
| 222 |
|
0 |
|a Country living
|b (New York, N.Y.)
|
| 245 |
1 |
0 |
|a Country living
|h [electronic resource].
|
| 260 |
|
|
|a [New York, N.Y.] :
|b [Hearst Corp.]
|
| 310 |
|
|
|a Monthly,
|b <Sept. 1982->
|
| 321 |
|
|
|a Ten issues yearly,
|b <Mar. 1982->
|
| 506 |
|
|
|a License restrictions may limit access.
|
| 588 |
|
|
|a Description based on: Mar. 1982; title from cover.
|
| 588 |
|
|
|a Latest issue consulted: Vol. 13, no. 12 (Dec. 1990).
|
| 650 |
|
0 |
|a Home economics, Rural
|v Periodicals.
|
| 650 |
|
0 |
|a Cooking
|v Periodicals.
|
| 650 |
|
0 |
|a Handicraft
|v Periodicals.
|
| 650 |
|
0 |
|a Interior decoration
|v Periodicals.
|
| 650 |
|
7 |
|a Cooking.
|2 fast
|0 (OCoLC)fst01754966
|
| 650 |
|
7 |
|a Handicraft.
|2 fast
|0 (OCoLC)fst00950959
|
| 650 |
|
7 |
|a Home economics, Rural.
|2 fast
|0 (OCoLC)fst00959269
|
| 650 |
|
7 |
|a Interior decoration.
|2 fast
|0 (OCoLC)fst00976327
|
| 655 |
|
0 |
|a Electronic journals.
|
| 770 |
0 |
|
|t Country living's countryside
|x 1057-3372
|w (DLC)sn 91000834
|w (OCoLC)24016108
|
| 770 |
0 |
|
|t Country living's Healthy living
|x 1099-9159
|w (DLC) 97646859
|w (OCoLC)37763278
|
| 780 |
0 |
0 |
|t Good housekeeping's country living
|x 0274-4791
|w (DLC) 81649531
|w (OCoLC)6346141
|
| 787 |
1 |
|
|t Christmas with Country living
|x 1094-2866
|w (DLC) 97641642
|w (OCoLC)37045343
|
| 850 |
|
|
|a DLC
|a IaAS
|a InU
|a MsU
|a NN
|
| 856 |
4 |
0 |
|z Full text available from Research Library: 11/01/1996 to present
|u https://search.proquest.com/publication/37340
|